[Event "XVII Juros Svente 2020-A"]
[Site "Klaipeda"]
[Date "2020.07.24"]
[Round "5.4"]
[White "Butvilas, Aistis"]
[Black "Salna, Aleksandras"]
[Result "0-1"]
[WhiteElo "2103"]
[BlackElo "2063"]
[Annotator "TA"]
[PlyCount "176"]
[EventDate "2020.07.20"]
[EventType "tourn"]
[EventCountry "LTU"]
[SourceTitle "playchess.com"]
[Source "ChessBase"]
[SourceQuality "1"]

{[%evp 9,176,20,54,49,71,35,37,36,36,29,33,23,51,37,38,59,60,31,39,6,31,27,33,-10,0,0,0,-14,0,-27,-34,-38,53,-62,32,33,43,41,41,35,57,9,17,27,42,-62,-52,-67,133,-42,-48,-45,0,0,35,-25,0,0,0,0,15,0,0,-14,-10,-16,-10,-22,-16,-26,4,-41,3,-10,-14,-25,-17,0,0,-26,0,-50,0,0,0,-83,-48,-114,-114,-114,0,-116,-116,-116,-113,-113,-109,-119,-116,-116,-117,-108,-108,-93,-62,-130,-59,-79,-50,-50,0,-50,-46,-32,-31,-52,-25,-86,-79,-100,0,-95,-37,-41,-29,-41,-33,-32,-18,-21,-21,-21,-21,-21,-21,-21,-21,-32,-35,-34,-34,-36,-37,-36,-38,-49,-29,-47,-29,-29,-29,-68,-68,-68,-18,-68,-68,-29986,-29987,-29987,-196,-206,-97,-29985,-181,-29995,-29996,-29996,-29997]} 1. d4 Nf6 2. c4 a6 3. Nc3 c5 4. e3 g6 5. Nf3 Bg7 6. dxc5 {A50: Queen's Fianchetto Defence (1 d4 Nf6 2 c4 b6).} Qa5 7. Bd2 {Hoping for Nd5.} (7. Be2 {with more complications.} Qxc5 8. e4 d6 9. Be3 Qc7 10. O-O) 7... Qxc5 {[#]} 8. b4 $146 {White is slightly better.} ({Predecessor:} 8. a3 O-O 9. b4 Qc7 10. Rc1 d6 11. Be2 Nc6 12. O-O Bg4 13. Nd5 Qd8 14. Bc3 Nxd5 15. Qxd5 {0-1 (40) Sternheimer,E (2243)-Schapotschnikov,P (2231) Bad Neustadt 2003}) 8... Qc7 9. Rc1 O-O 10. Be2 b6 11. O-O Bb7 12. Qb3 d6 13. Rfd1 Nbd7 14. h3 Rfc8 15. a3 Qd8 16. Na4 Ne4 17. Be1 Rc7 18. Nd4 Rac8 19. Rb1 (19. f3 $5 {[%cal Rf3e4]} b5 20. fxe4 bxa4 21. Qxa4 $11) 19... h5 20. Bf1 Qe8 (20... h4 $15) 21. Be2 ({White should try} 21. f3 $14) 21... Bf6 (21... e5 $15 22. Nf3 d5 $1 {[%mdl 512]}) 22. f3 $14 Ng5 23. e4 Bc6 24. Nxc6 Rxc6 25. Bf2 Ne6 26. Bf1 Qd8 27. b5 (27. Qe3 $14) 27... axb5 $15 28. cxb5 R6c7 $2 (28... Rc2 $15 {stays ahead.}) 29. Qb4 $2 (29. Nxb6 $16 Nd4 30. Rxd4 (30. Bxd4 Bxd4+ 31. Rxd4 Nxb6 $16) 30... Nxb6 31. Rd3) 29... Ra7 30. Nb2 Rca8 31. Nc4 Nec5 32. Bg3 (32. Qe1 $14) 32... h4 33. Bf4 Qc8 34. Qe1 Rc7 35. Rdc1 Ra4 {White must now prevent ...Ne6.} 36. Rb4 Rxb4 37. Qxb4 Bd4+ 38. Kh1 {Strongly threatening Nxd6.} Ne6 39. Bd2 Ne5 40. f4 Bc5 (40... Nd7 $5 {[%cal Rd7f6]}) 41. Qb2 Nxc4 42. Rxc4 d5 $36 {[%mdl 2048] Black fights for an advantage.} 43. exd5 Ng7 $1 44. Bd3 Nh5 (44... Qa8 $5 {[%cal Ra8d5]}) 45. Qc2 Ng3+ 46. Kh2 Qd7 47. Be1 (47. Bb4 $11 Qd6 48. Bxc5 Rxc5 49. Rxc5 bxc5 50. Qc4) 47... Qxd5 $17 48. Bxg3 (48. Bb4 $15) 48... hxg3+ 49. Kxg3 Bd6 (49... e5 $17 {And now ...exf4+ would win.} 50. Qe2 exf4+ 51. Kh2 Re7) 50. Rxc7 (50. h4 $11) 50... Qg5+ $1 {[%mdl 64] Double Attack} 51. Kf2 Qxf4+ 52. Ke2 Bxc7 53. a4 Bd6 54. Qc4 Qe5+ 55. Qe4 Qb2+ 56. Bc2 Kg7 57. Kd3 ({White should play} 57. h4 $15) 57... e5 (57... Qa3+ $17 58. Ke2 Qc3) 58. Ke2 Bc5 59. g4 Qc3 60. Qd3 Qa1 61. Qe4 Bd4 62. Qf3 Qc1 63. Kd3 (63. Qd3 $11 {remains equal.}) 63... Qe1 {Threatens to win with ...Qc3+.} 64. Kc4 Bc5 ({Better is} 64... Ba1 $17 65. Be4 Qc1+ 66. Kd3 Bd4) 65. Kd3 (65. Kd5 $11) 65... Qg1 (65... Kh6 $17 66. Bb3 Kg5) 66. Bb3 Qd4+ 67. Ke2 Qb2+ 68. Kd1 f5 {[%mdl 64] Decoy} 69. gxf5 Qb1+ 70. Ke2 Qxf5 71. Bd5 Qc2+ {[%mdl 64] Double Attack} 72. Kf1 Qxa4 {aiming for ...Qa1+.} 73. Bc6 Qa1+ 74. Ke2 Qb2+ 75. Kf1 Qc1+ 76. Ke2 Qc2+ 77. Kf1 Kh6 78. Ke1 Bb4+ 79. Kf1 Qc1+ 80. Ke2 Qd2+ 81. Kf1 Qe1+ 82. Kg2 Bc5 {[%csl Gc5][%cal Re1g1] [#]} 83. Qg4 $2 {[%mdl 8192]} (83. h4 $1 $15 {[%mdl 512]}) 83... Qg1+ $1 84. Kf3 Qe3+ $2 (84... Qf2+ $1 85. Ke4 Qe3+ 86. Kd5 Qd3+ 87. Kxe5 Qd6+ 88. Ke4 Qd4+ 89. Kf3 Qe3+ 90. Kg2 Qf2+ 91. Kh1 Qf1+ 92. Kh2 Bd6+ 93. Qg3 Qf2+ {[%mdl 64] Double Attack, Pin} 94. Bg2 Bxg3+ 95. Kh1 Qe1+ 96. Bf1 Qxf1#) 85. Kg2 $19 e4 (85... Qf2+ $1 $19 {is more deadly.} 86. Kh1 Qf1+ 87. Kh2 e4 $1 {[%mdl 512]}) 86. Kh1 $2 {[%mdl 8192] [#]} (86. h4 $17) 86... Qf2 $2 (86... Qe1+ $1 {mates} 87. Kh2 Bd6+ 88. Kg2 e3 89. Qf3 e2 90. Qe3+ Kh7 91. Qf2 Qd2 92. Kf3 e1=N+ 93. Qxe1 Qxe1 94. Be4 Bc5 95. Kf4 Qe3+ 96. Ke5 Qg5+ 97. Ke6 Qd8 98. Bxg6+ Kxg6 99. Ke5 Qg5+ 100. Ke6 Qf5#) 87. h4 $2 (87. Qd1 $19) 87... Qf1+ 88. Kh2 Bd6+ {Accuracy: White = 55%, Black = 61%.} 0-1

[Event "XVII Juros Svente 2020-A"]
[Site "Klaipeda"]
[Date "2020.07.24"]
[Round "5.5"]
[White "Pidluznij, Gleb"]
[Black "Kaunas, Kestutis"]
[Result "1-0"]
[WhiteElo "2042"]
[BlackElo "2178"]
[Annotator "ChessBase"]
[PlyCount "113"]
[EventDate "2020.07.20"]
[EventType "tourn"]
[EventCountry "LTU"]
[SourceTitle "playchess.com"]
[Source "ChessBase"]
[SourceQuality "1"]
[TimeControl "40/5400+30:1800+30"]

1. e4 {[%emt 0:00:00]} Nf6 {[%emt 0:02:01]} 2. e5 {[%emt 0:00:00]} Nd5 {[%emt 0:00:26]} 3. d4 {[%emt 0:00:00]} d6 {[%emt 0:00:02]} 4. c4 {[%emt 0:00:07]} Nb6 {[%emt 0:00:02]} 5. exd6 {[%emt 0:00:10]} exd6 {[%emt 0:00:05]} 6. Nc3 {[%emt 0:00:11]} Be7 {[%emt 0:04:42]} 7. Bd3 {[%emt 0:00:21]} Nc6 {[%emt 0:00:51]} 8. Nge2 {[%emt 0:00:34]} Bg4 {[%emt 0:01:13]} 9. Be3 {[%emt 0:08:10]} Nb4 {[%emt 0:25:09]} 10. Bb1 {[%emt 0:03:03]} c5 {[%emt 0:02:14]} 11. b3 {[%emt 0:20:01]} Nc6 {[%emt 0:06:30]} 12. f3 {[%emt 0:01:05]} Bh5 {[%emt 0:00:30]} 13. d5 {[%emt 0:06:37]} Ne5 {[%emt 0:03:10]} 14. O-O {[%emt 0:04:16]} Bg6 {[%emt 0:00:08]} 15. Ng3 {[%emt 0:03:05]} Bxb1 {[%emt 0:06:30]} 16. Rxb1 {[%emt 0:00:33]} O-O {[%emt 0:02:34]} 17. Nf5 {[%emt 0:05:51]} Qd7 {[%emt 0:02:07]} 18. Nxe7+ {[%emt 0:00:56]} Qxe7 {[%emt 0:00:08]} 19. Re1 {[%emt 0:00:09]} Qf6 {[%emt 0:06:07]} 20. Qd2 {[%emt 0:06:26]} Qg6 {[%emt 0:08:30]} 21. Kh1 {[%emt 0:07:13]} Rae8 {[%emt 0:02:29]} 22. Bf4 {[%emt 0:09:29]} Nbd7 {[%emt 0:04:16]} 23. Re3 {[%emt 0:02:21]} a6 {[%emt 0:09:47]} 24. Rbe1 {[%emt 0:00:41]} f5 {[%emt 0:01:18]} 25. Bxe5 {[%emt 0:02:31]} dxe5 {[%emt 0:04:49]} 26. Na4 {[%emt 0:06:21]} h6 {[%emt 0:03:02]} 27. Nb2 {[%emt 0:02:13]} e4 {[%emt 0:00:54]} 28. Nd1 {[%emt 0:01:50]} Nf6 {[%emt 0:00:52]} 29. Nf2 {[%emt 0:04:15]} f4 {[%emt 0:02:30]} 30. Rxe4 {[%emt 0:00:04]} Nxe4 {[%emt 0:00:09]} 31. Nxe4 {[%emt 0:00:04]} b6 {[%emt 0:00:15]} 32. d6 {[%emt 0:00:18]} Qe6 {[%emt 0:01:00]} 33. Rd1 {[%emt 0:00:18]} Rd8 {[%emt 0:01:26]} 34. a4 {[%emt 0:00:31]} a5 {[%emt 0:00:12]} 35. Qc3 {[%emt 0:00:31]} Rf5 {[%emt 0:00:47]} 36. Rd3 {[%emt 0:00:53]} Qe5 {[%emt 0:00:35]} 37. Qc1 {[%emt 0:03:43]} Qe6 {[%emt 0:00:14]} 38. Qd2 {[%emt 0:00:07]} Kf7 {[%emt 0:00:52]} 39. d7 {[%emt 0:00:15]} Ke7 {[%emt 0:00:30]} 40. Rd6 {[%emt 0:00:56]} Qe5 {[%emt 0:00:19]} 41. h3 {[%emt 0:30:20]} Rf7 {[%emt 0:11:38]} 42. Rxb6 {[%emt 0:00:00]} Rxd7 {[%emt 0:02:16]} 43. Qxa5 {[%emt 0:00:00]} Rf5 {[%emt 0:05:19]} 44. Rc6 {[%emt 0:00:00]} Qd4 {[%emt 0:07:58]} 45. Qb6 {[%emt 0:00:00]} Re5 {[%emt 0:02:49]} 46. Rc7 {[%emt 0:00:00]} Rxc7 {[%emt 0:03:05]} 47. Qxc7+ {[%emt 0:00:00]} Kf8 {[%emt 0:00:16]} 48. Qc8+ {[%emt 0:00:00]} Kf7 {[%emt 0:00:15]} 49. Qg4 {[%emt 0:00:00]} Rxe4 {[%emt 0:00:28]} 50. Qf5+ {[%emt 0:00:00]} Kg8 {[%emt 0:00:12]} 51. Qxe4 {[%emt 0:00:00]} Qd1+ {[%emt 0:00:16]} 52. Kh2 {[%emt 0:00:00]} Qxb3 {[%emt 0:00:13]} 53. a5 {[%emt 0:00:01]} Qa3 {[%emt 0:00:15]} 54. Qa8+ {[%emt 0:00:49]} Kf7 {[%emt 0:00:31]} 55. Qb7+ {[%emt 0:00:11]} Kf6 {[%emt 0:00:25]} 56. a6 {[%emt 0:00:22]} Qa2 57. a7 1-0

[Event "XVII Juros Svente 2020-A"]
[Site "Klaipeda"]
[Date "2020.07.24"]
[Round "5.6"]
[White "Greicius, Pijus"]
[Black "Tolmacevs, Artjoms"]
[Result "1-0"]
[WhiteElo "1893"]
[BlackElo "1610"]
[Annotator "NA RC"]
[PlyCount "51"]
[EventDate "2020.07.20"]
[EventType "tourn"]
[EventCountry "LTU"]
[SourceTitle "playchess.com"]
[Source "ChessBase"]
[SourceQuality "1"]
[TimeControl "40/5400+30:1800+30"]

{[%evp 8,48,55,45,52,49,74,63,64,54,60,29,62,52,51,41,32767,32767,32767,32767,95,100,102,125,133,76,91,109,88,82,93,93,128,122,116,110,108,100,383,378,545,574,582]} 1. d4 {[%emt 0:00:00]} Nf6 {[%emt 0:00:00]} 2. Nf3 {[%emt 0:00:00]} c5 {[%emt 0:00:29]} 3. d5 {[%emt 0:00:15]} g6 {[%emt 0:02:49]} 4. Nc3 {[%emt 0:00:06]} d6 {[%emt 0:02:16]} 5. e4 {[%emt 0:00:07]} Bg7 {[%emt 0:00:58]} 6. Bb5+ {[%emt 0:00:07]} Nbd7 {[%emt 0:02:09]} 7. a4 {[%emt 0:00:11] A43: Schmid Benoni.} a6 {[%emt 0:01:20]} 8. Bd3 {[%emt 0:00:24]} O-O {[%emt 0:00:50]} 9. h3 {[%emt 0:01:40]} Re8 {[%emt 0:04:50]} 10. Bf4 {[%emt 0:00:14]} b6 {[%emt 0:03:06]} 11. O-O {[%emt 0:00:11]} Bb7 {[%emt 0:00:13]} 12. Re1 {[%emt 0:01:28]} Nf8 {[%emt 0:01:38]} 13. Bc4 {[%emt 0:00:13]} e5 {[%emt 0:07:37]} 14. dxe6 {[%emt 0:01:29]} Nxe6 {[%emt 0:00:13] [#]} 15. Qxd6 $146 {[%emt 0:14:45]} ({Predecessor:} 15. Bxd6 Nd4 16. Nxd4 Qxd6 17. Nf3 Qxd1 18. Raxd1 Nxe4 19. Rd7 Bxc3 20. bxc3 Reb8 21. Bxf7+ {1-0 (31) Beaumont,C (2306)-Helbig,P (2172) Bristol 2009}) 15... Nd4 {[%emt 0:00:54]} 16. Nxd4 {[%emt 0:03:16]} ({White should play} 16. Ng5 Qxd6 17. Bxf7+ (17. Bxd6 Nxc2 18. e5 Nh5 $16) 17... Kh8 18. Bxd6) 16... Qxd6 {[%emt 0:00:39]} 17. Bxd6 {[%emt 0:00:06]} cxd4 {[%emt 0:00:05]} 18. Nd5 {[%emt 0:00:07]} Nxe4 {[%emt 0:04:02]} 19. Bb4 {[%emt 0:03:55]} b5 {[%emt 0:04:26]} (19... a5 $14) 20. axb5 {[%emt 0:00:14]} axb5 {[%emt 0:00:16]} 21. Rxa8 {[%emt 0:00:07]} Bxa8 {[%emt 0:00:39]} 22. Bb3 {[%emt 0:03:36]} Bf8 $2 {[%emt 0:08:48]} (22... Bb7 $16) 23. Bxf8 {[%emt 0:00:22]} Bxd5 {[%emt 0:00:33]} (23... Kxf8 $142 24. Nc7 {[%mdl 64] Double Attack} Rc8) 24. Bxd5 {[%emt 0:00:13]} Kxf8 $18 {[%emt 0:00:50]} 25. Rxe4 {[%emt 0:00:09]} Rc8 {[%emt 0:00:08]} 26. Bb3 {[%emt 0:00:05]} 1-0

[Event "XVII Juros Svente 2020-A"]
[Site "Klaipeda"]
[Date "2020.07.24"]
[Round "5.7"]
[White "Boyajyan, David"]
[Black "Golsta, Madara"]
[Result "0-1"]
[WhiteElo "1949"]
[BlackElo "1903"]
[Annotator "TA"]
[PlyCount "68"]
[EventDate "2020.07.20"]
[EventType "tourn"]
[EventCountry "LTU"]
[SourceTitle "playchess.com"]
[Source "ChessBase"]
[SourceQuality "1"]

{[%evp 9,68,16,31,16,35,36,34,24,70,74,82,95,81,38,35,27,33,27,27,20,19,35,26,16,25,5,7,-77,-25,-43,-37,-134,-127,-130,-140,-150,-69,-272,-277,-411,-412,-681,-659,-629,-611,-600,-598,-581,-578,-558,-499,-477,-464,-388,-204,-2039,-198,-2008,-1997,-29994,-29995]} 1. d4 Nf6 2. c4 g6 3. h4 Bg7 (3... h5 4. Nc3 d5 5. Bg5 dxc4 6. e4 c5 7. Bxc4 Bg7 8. dxc5 Qa5 9. Qb3 O-O 10. e5 Ne4 11. Bxe7 Nxc5 12. Qb5 Qxb5 13. Bxb5 Ne6 14. Bxf8 Kxf8 {1-0 (31) Boyajyan,D (1949)-Golsta,M (1903) Panevezys 2020}) 4. Nc3 d5 5. h5 Nxh5 6. cxd5 {E60: King's Indian: Unusual lines and Fianchetto Variation without Nc3.} e6 7. dxe6 Bxe6 8. Nf3 {[#] White is slightly better.} c6 $146 ({Predecessor:} 8... Nc6 9. e3 Qe7 10. Be2 O-O 11. a3 Rad8 12. Qc2 Rfe8 13. Bd2 Na5 14. b4 Nb3 {0-1 (41) Grischuk,A (2759)-Nepomniachtchi,I (2774) Amsterdam 2019}) 9. e4 Bg4 10. Be3 Nd7 11. Bc4 O-O 12. Qb3 {Hoping for Ng5.} Bxf3 13. gxf3 Nb6 14. O-O-O Nxc4 15. Qxc4 Qf6 16. Qe2 b5 17. e5 Qf5 18. Rdg1 (18. Rh4 $11) 18... c5 ({Black should play} 18... f6 $17 19. exf6 Qxf6) 19. Rg5 Nf4 20. Bxf4 (20. Rxf5 $15 Nxe2+ 21. Nxe2 cxd4 22. Nxd4 gxf5 23. f4) 20... Qxf4+ $17 {[%mdl 64] Double Attack} 21. Qe3 Qxd4 22. Nxb5 Qb4 ({Better is} 22... Qd5 $17 23. Nc3 Qe6) 23. Nc3 $2 {This costs White the game.} ({Only move:} 23. Nd6 $1 $15) 23... Rab8 $19 24. Nd1 (24. Qe2 $142 Rfe8 25. Rg4) 24... Rfd8 {aiming for ...Rxd1+!} 25. Rg4 {[#]} (25. Qe2 $142 h5 26. Rgg1) 25... Rxd1+ $1 {[%mdl 576] Remove Defender, Deflection} 26. Kxd1 Qxb2 {[%mdl 64] Double Attack} 27. Rc4 Bxe5 28. Ke1 Bd4 29. Qd2 Qb1+ 30. Rc1 Qf5 31. Qh6 {[#]} Rb2 $1 $40 {[%mdl 128] Black goes for the king.} 32. Qxh7+ {[#]} Kf8 $1 {[%mdl 512]} 33. Qh6+ $2 {[#]} (33. Qh4 Bxf2+ 34. Qxf2 Qe6+ {[%mdl 64] Double Attack} 35. Kf1 Rxf2+ 36. Kxf2) 33... Ke8 $1 {[%mdl 512] ( -> ...Qe5+)} 34. Qh4 Qxf3 {Accuracy: White = 53%, Black = 72%.} 0-1

[Event "XVII Juros Svente 2020-A"]
[Site "Klaipeda"]
[Date "2020.07.24"]
[Round "5.8"]
[White "Zirnovas, Martynas"]
[Black "Savicevs, Arsenijs"]
[Result "0-1"]
[WhiteElo "1801"]
[BlackElo "1578"]
[Annotator "NA"]
[PlyCount "72"]
[EventDate "2020.07.20"]
[EventType "tourn"]
[EventCountry "LTU"]
[SourceTitle "playchess.com"]
[Source "ChessBase"]
[SourceQuality "1"]
[TimeControl "40/5400+30:1800+30"]

{[%evp 8,66,37,22,26,8,12,-1,-11,-10,-7,-29,0,-7,-21,-31,-22,-44,-28,-52,-10,32767,32767,3,21,9,47,30,56,27,81,60,123,91,114,135,112,118,189,183,187,163,183,193,178,71,95,76,77,86,94,42,68,76,111,136,120,32767,-12842,32767,-29969]} 1. e4 {[%emt 0:07:24]} c5 {[%emt 0:00:00]} 2. Nf3 {[%emt 0:00:22]} d6 {[%emt 0:00:00]} 3. d4 {[%emt 0:00:50]} cxd4 {[%emt 0:00:00]} 4. Nxd4 {[%emt 0:00:08]} Nf6 {[%emt 0:00:00]} 5. Nc3 {[%emt 0:00:28]} a6 {[%emt 0:00:01]} 6. Bc4 {[%emt 0:01:17]} e6 {[%emt 0:00:05]} 7. Bg5 {[%emt 0:01:50]} Be7 {[%emt 0:00:06]} 8. O-O {[%emt 0:01:47]} O-O {[%emt 0:00:27]} 9. Qf3 {[%emt 0:04:33] B95: Sicilian Najdorf: 6 Bg5 e6, unusual White 7th moves.} Nbd7 {[%emt 0:00:57] [#]} 10. Qe3 $146 {[%emt 0:13:20]} ({Predecessor:} 10. Qe2 h6 11. Be3 Ne5 12. Bb3 Qc7 13. f4 Neg4 14. Kh1 Nxe3 15. Qxe3 Qc5 16. Rad1 {1-0 (68) Huang,R (2281)-Peng,S (2388) Daqing 2018}) 10... Ne5 {[%emt 0:06:33]} 11. Bb3 {[%emt 0:04:34]} b5 {[%emt 0:03:33]} 12. Kh1 {[%emt 0:04:31]} b4 {[%emt 0:02:30]} 13. Nce2 {[%emt 0:06:36]} Bb7 {[%emt 0:03:28]} 14. f3 {[%emt 0:11:07]} Ng6 {[%emt 0:03:57]} 15. Bxe6 {[%emt 0:09:55]} fxe6 {[%emt 0:00:29]} 16. Nxe6 {[%emt 0:00:11] Double Attack} Qd7 {[%emt 0:00:22]} 17. Nxf8 {[%emt 0:00:15]} Rxf8 {[%emt 0:00:04]} 18. Rad1 {[%emt 0:03:47]} Qc7 {[%emt 0:01:48]} 19. Nd4 {[%emt 0:02:28]} Rb8 {[%emt 0:01:49]} 20. Qb3+ {[%emt 0:03:53]} Kh8 {[%emt 0:00:43]} 21. Nf5 {[%emt 0:00:36]} d5 {[%emt 0:01:56]} 22. Nxe7 {[%emt 0:02:23]} ({Reject} 22. exd5 $6 Bxd5 23. Qa4 Bc6 $11) 22... Qxe7 {[%emt 0:00:29]} 23. exd5 {[%emt 0:01:32]} Qd6 {[%emt 0:01:52]} 24. Bxf6 {[%emt 0:01:58]} gxf6 {[%emt 0:00:14]} 25. Rfe1 {[%emt 0:01:55]} Nf4 {[%emt 0:01:04]} 26. Qa4 {[%emt 0:04:05]} (26. Re4 $18 {is more deadly.} Nxd5 27. Red4) 26... Bxd5 {[%emt 0:03:36]} 27. c4 {[%emt 0:04:21]} bxc3 {[%emt 0:00:51]} 28. bxc3 {[%emt 0:00:20]} Qc7 {[%emt 0:06:44]} 29. Qxa6 {[%emt 0:04:28]} Qg7 {[%emt 0:00:06]} 30. Rd2 {[%emt 0:01:21]} Nxg2 {[%emt 0:01:11] [#]} 31. Qd6 $1 {[%emt 0:02:17]} Rg8 {[%emt 0:00:28]} 32. Rg1 {[%emt 0:00:50]} Bxf3 {[%emt 0:00:06]} 33. Qg3 {[%emt 0:00:33]} Nf4+ {[%emt 0:01:04]} 34. Rgg2 {[%emt 0:00:34]} Bxg2+ {[%emt 0:00:13]} 35. Rxg2 {[%emt 0:00:08]} Nxg2 {[%emt 0:00:04]} 36. Kxg2 {[%emt 0:00:50]} Qb7+ 0-1

[Event "XVII Juros Svente 2020-A"]
[Site "Klaipeda"]
[Date "2020.07.24"]
[Round "5.9"]
[White "Pocius, Vaclovas"]
[Black "Barsciauskas, Gintautas"]
[Result "0-1"]
[WhiteElo "1714"]
[BlackElo "1575"]
[Annotator "NA RC"]
[PlyCount "92"]
[EventDate "2020.07.20"]
[EventType "tourn"]
[EventCountry "LTU"]
[SourceTitle "playchess.com"]
[Source "ChessBase"]
[SourceQuality "1"]
[TimeControl "40/5400+30:1800+30"]

1. Nc3 {[%emt 0:00:00]} d5 {[%emt 0:00:07]} 2. d4 {[%emt 0:00:06]} c6 {[%emt 0:01:01]} 3. e4 {[%emt 0:00:13]} dxe4 {[%emt 0:00:37]} 4. Nxe4 {[%emt 0:01:53]} Bf5 {[%emt 0:00:11]} 5. Ng3 {[%emt 0:00:10]} Bg6 {[%emt 0:00:12]} 6. h4 {[%emt 0:01:44]} h6 {[%emt 0:00:14]} 7. h5 {[%emt 0:02:10]} Bh7 {[%emt 0:00:10]} 8. Nf3 {[%emt 0:00:23]} e6 {[%emt 0:00:18]} 9. Bd3 {[%emt 0:01:11]} Bxd3 {[%emt 0:00:10]} 10. Qxd3 {[%emt 0:00:02]} Nf6 {[%emt 0:01:44]} 11. Ne4 {[%emt 0:06:13]} Nbd7 {[%emt 0:01:22]} 12. Bf4 {[%emt 0:03:44]} Nxe4 {[%emt 0:00:20]} 13. Qxe4 {[%emt 0:00:03]} Nf6 {[%emt 0:00:44]} 14. Qe2 {[%emt 0:06:16]} Be7 {[%emt 0:03:22]} 15. c3 {[%emt 0:06:16]} O-O {[%emt 0:20:28]} 16. Ne5 {[%emt 0:03:11]} Qd5 {[%emt 0:06:01]} 17. f3 {[%emt 0:12:13]} c5 {[%emt 0:00:43]} 18. g4 {[%emt 0:08:24]} Nh7 {[%emt 0:03:13]} 19. O-O-O {[%emt 0:10:25]} Qxa2 {[%emt 0:01:00]} 20. dxc5 {[%emt 0:00:31]} Qa1+ {[%emt 0:01:58]} 21. Kd2 {[%emt 0:02:00]} Qxb2+ {[%emt 0:03:14]} 22. Ke1 {[%emt 0:00:18]} Qxc3+ {[%emt 0:03:11]} 23. Bd2 {[%emt 0:00:41]} Qb2 {[%emt 0:03:05]} 24. f4 {[%emt 0:01:45]} Rad8 {[%emt 0:10:53]} 25. c6 {[%emt 0:08:19]} bxc6 {[%emt 0:00:17]} 26. g5 {[%emt 0:01:48]} hxg5 {[%emt 0:00:55]} 27. h6 {[%emt 0:01:12]} g6 {[%emt 0:01:32]} 28. Nxg6 {[%emt 0:02:59]} Rfe8 {[%emt 0:06:03]} 29. Ne5 {[%emt 0:03:18]} Bf6 {[%emt 0:04:54]} 30. Nxf7 {[%emt 0:02:56]} Kxf7 {[%emt 0:09:21]} 31. Qh5+ {[%emt 0:00:20]} Kg8 {[%emt 0:00:53]} 32. Rg1 {[%emt 0:03:44]} Kh8 {[%emt 0:01:41]} 33. fxg5 {[%emt 0:02:31]} Qe5+ {[%emt 0:04:32]} 34. Kf1 {[%emt 0:00:31]} Qf5+ {[%emt 0:01:41]} 35. Ke2 {[%emt 0:00:54]} Qd3+ {[%emt 0:01:14]} 36. Ke1 {[%emt 0:00:31]} Qe4+ {[%emt 0:06:10]} 37. Kf1 {[%emt 0:00:15]} Qf5+ {[%emt 0:00:51]} 38. Ke2 {[%emt 0:02:35]} Rg8 {[%emt 0:00:22]} 39. Qf7 {[%emt 0:02:07]} Rdf8 {[%emt 0:02:51]} 40. Qxa7 {[%emt 0:03:35]} Nxg5 {[%emt 0:01:14]} 41. Rdf1 {[%emt 0:31:40]} Qe4+ {[%emt 0:30:38]} 42. Kd1 {[%emt 0:00:12]} Bd4 {[%emt 0:00:37]} 43. Qe7 {[%emt 0:00:00]} Re8 {[%emt 0:00:00]} 44. Qd7 {[%emt 0:00:00]} Bxg1 {[%emt 0:00:00]} 45. Rxg1 {[%emt 0:00:00]} Qb1+ {[%emt 0:00:00]} 46. Bc1 {[%emt 0:00:00]} Rd8 {[%emt 0:00:00]} 0-1

[Event "XVII Juros Svente 2020-A"]
[Site "Klaipeda"]
[Date "2020.07.24"]
[Round "5.10"]
[White "Piksrys, Rutenis"]
[Black "Aleidzans, Vadims"]
[Result "1/2-1/2"]
[WhiteElo "1532"]
[BlackElo "1346"]
[Annotator "NA RC"]
[PlyCount "64"]
[EventDate "2020.07.20"]
[EventType "tourn"]
[EventCountry "LTU"]
[SourceTitle "playchess.com"]
[Source "ChessBase"]
[SourceQuality "1"]
[TimeControl "40/5400+30:1800+30"]

1. Nf3 {[%emt 0:00:00]} Nf6 {[%emt 0:00:00]} 2. g3 {[%emt 0:00:00]} g6 {[%emt 0:00:02]} 3. Bg2 {[%emt 0:00:00]} Bg7 {[%emt 0:00:14]} 4. O-O {[%emt 0:00:06]} O-O {[%emt 0:00:14]} 5. d3 {[%emt 0:00:08]} d6 {[%emt 0:00:54]} 6. e4 {[%emt 0:00:24]} c5 {[%emt 0:02:25]} 7. a4 {[%emt 0:01:30]} Nc6 {[%emt 0:00:28]} 8. c3 {[%emt 0:00:37]} e6 {[%emt 0:00:20]} 9. Na3 {[%emt 0:00:54]} Qd7 {[%emt 0:01:40]} 10. Nc4 {[%emt 0:03:45]} Qc7 {[%emt 0:01:24]} 11. Bf4 {[%emt 0:01:12]} e5 {[%emt 0:01:21]} 12. Bg5 {[%emt 0:00:52]} Be6 {[%emt 0:00:39]} 13. Nfd2 {[%emt 0:02:08]} h6 {[%emt 0:01:26]} 14. Be3 {[%emt 0:00:43]} b6 {[%emt 0:00:34]} 15. h3 {[%emt 0:00:57]} d5 {[%emt 0:00:34]} 16. exd5 {[%emt 0:01:46]} Nxd5 {[%emt 0:05:27]} 17. Qe2 {[%emt 0:05:04]} Rad8 {[%emt 0:00:56]} 18. Rac1 {[%emt 0:01:07]} f5 {[%emt 0:01:35]} 19. f4 {[%emt 0:02:25]} exf4 {[%emt 0:03:17]} 20. Bxd5 {[%emt 0:02:52]} Bxd5 {[%emt 0:02:13]} 21. Bxf4 {[%emt 0:00:26]} Qd7 {[%emt 0:00:25]} 22. Rcd1 {[%emt 0:00:39]} Rfe8 {[%emt 0:01:57]} 23. Qf2 {[%emt 0:00:42]} Ne5 {[%emt 0:01:47]} 24. Nxe5 {[%emt 0:01:08]} Bxe5 {[%emt 0:00:15]} 25. Bxe5 {[%emt 0:01:20]} Rxe5 {[%emt 0:00:13]} 26. d4 {[%emt 0:03:49]} cxd4 {[%emt 0:01:54]} 27. Qxd4 {[%emt 0:00:33]} Re2 {[%emt 0:02:51]} 28. Rf2 {[%emt 0:01:04]} Rxf2 {[%emt 0:03:07]} 29. Kxf2 {[%emt 0:00:11]} f4 {[%emt 0:01:45]} 30. g4 {[%emt 0:03:48]} Qe7 {[%emt 0:01:25]} 31. Nf3 {[%emt 0:01:40]} Kh7 {[%emt 0:05:51]} 32. c4 {[%emt 0:01:10]} Bxf3 {[%emt 0:04:27]} 1/2-1/2